| 000 | 00366nam a22001217a 4500 | ||
|---|---|---|---|
| 999 |
_c533601 _d533601 |
||
| 020 | _a9789388841979 | ||
| 082 | _aA99 G151\Sa59 | ||
| 100 |
_aSanyal, Sankar kumar _961050 |
||
| 245 |
_aAge of enlightenment: Mahatma Gandhi's vision _cby Sankar Kumar Sanyal |
||
| 260 |
_aNew Delhi _bHawk Press _c2025 |
||
| 300 | _a188+p. | ||
| 650 |
_aGandhi, Mahatma, 1869 - 1948 _961051 |
||